| 000 | 00514nam a2200121Ia 4500 | ||
|---|---|---|---|
| 008 | 220216s9999 xx 000 0 und d | ||
| 100 |
_aWei X D _cet al |
||
| 245 | 0 | _aTransformation of exploitation technology in China | |
| 260 | _bClimate Change, Low Carbon Economy and Sustainable Natural Rubber Industry: Preprints of Proceedings of IRRDB International Rubber Conference 2010, 18-19 October 2010 Sanya, Hainan, China, pp. 449-455. | ||
| 650 | _aExploitation technology | ||
| 650 | _aTransformation | ||
| 942 | _cJS | ||
| 999 |
_c71478 _d71478 |
||